Bewysreg / (Record no. 137)

MARC details
000 -LEADER
fixed length control field 00513nam a22001817a 4500
005 - DATE AND TIME OF INPUT
control field 20231030104607.0
008 - DATA ELEMENTS--GENERAL INFORMATION
fixed length control field 231030b |||||||| |||| 00| 0 eng d
020 ## - INTERNATIONAL STANDARD BOOK NUMBER
International Standard Book Number 0409052523
041 ## - LANGUAGE CODE
Language code of text Afrikaans
082 ## - SHELF NUMBER
DDC number 347.6 SCH
100 ## - MAIN AUTHOR
Main author's name Schmidt, CWH
Language of a work English
245 ## - TITLE STATEMENT
Title Bewysreg /
Statement of responsibility, etc. CWH Schmidt
250 ## - EDITION STATEMENT
Edition statement Tweede Uitgawe
260 ## - PUBLICATION, DISTRIBUTION, ETC.
Place of publication, distribution, etc. Durban :
Name of publisher, distributor, etc. Butterworth,
Date of publication, distribution, etc. 1982
300 ## - PHYSICAL DESCRIPTION
Other physical details lxxx, 647 pages ;
Dimensions 25,5 cm.
Accompanying material 3 Uitgawes
650 ## - SUBJECT`
Broad subject legal practice
Own subject terms Law
942 ## - ADDED ENTRY ELEMENTS (KOHA)
Item type Books
942 ## - ADDED ENTRY ELEMENTS (KOHA)
-- ALISON_BN_VRIES
Holdings
Source of classification or shelving scheme Not for loan Collection code Home library Current library Shelving location Date acquired Full call number Barcode Price effective from Koha item type
Dewey Decimal Classification   TEXT BOOKS LAW SOCIETY OF NAMIBIA LIBRARY - WINDHOEK LAW SOCIETY OF NAMIBIA LIBRARY - WINDHOEK Evidence law 10/30/2023 347.6 SCH LSN/1986/44 10/30/2023 Books
Dewey Decimal Classification   TEXT BOOKS LAW SOCIETY OF NAMIBIA LIBRARY - WINDHOEK LAW SOCIETY OF NAMIBIA LIBRARY - WINDHOEK Evidence law 10/30/2023 347.6 SCH LSN/1998/70 10/30/2023 Books
Dewey Decimal Classification   TEXT BOOKS LAW SOCIETY OF NAMIBIA LIBRARY - WINDHOEK LAW SOCIETY OF NAMIBIA LIBRARY - WINDHOEK Evidence law 10/30/2023 347.6 SCH LSN/2004/44 10/30/2023 Books